00889nam a22002777a 45000010005000000030006000050050017000110080041000280200018000690400029000870500016001160820010001321000020001422450066001622600039002283000050002674900023003175050008003405200116003485210020004645210020004846500030005046500024005346500021005587000032005797701FISKH20250731133439.0250731b cb ||||| |||| 00| 0 eng d a9780394884066 aFISKHbengcFISKHdFISKH aPZ7.M3688 S a813.6 aMarzollo, Jean  aSoccer Sam / cBy Jean Marzollo : Illustrated by Blance Sims  aNew York : bRandom House ,c1987. a48 pages : bcolor illustrations ; c23 cm .  aStep into Reading  aK  aSam's cousin from Mexico comes for an extended visit and teaches Sam and all the second graders to play soccer.8 a510 bLexile 8 aK bRaz-Plus  aBeginning readervFiction aFriendshipvFiction aSoccer vFiction aSims, BlancheeIllustrator